<?xml version="1.0" encoding="UTF-8"?>
<record
    xmlns:xsi="http://www.w3.org/2001/XMLSchema-instance"
    xsi:schemaLocation="http://www.loc.gov/MARC21/slim http://www.loc.gov/standards/marcxml/schema/MARC21slim.xsd"
    xmlns="http://www.loc.gov/MARC21/slim">

  <leader>01001nam a2200253Ia 4500</leader>
  <controlfield tag="003">IT-RoPAU</controlfield>
  <controlfield tag="005">20220918175651.0</controlfield>
  <controlfield tag="008">120407s9999    xx            000 0 und d</controlfield>
  <datafield tag="040" ind1=" " ind2=" ">
    <subfield code="a">IT-RoPAU</subfield>
    <subfield code="c">20130205112713.0</subfield>
  </datafield>
  <datafield tag="040" ind1=" " ind2=" ">
    <subfield code="c">IT-RoPAU</subfield>
  </datafield>
  <datafield tag="041" ind1=" " ind2=" ">
    <subfield code="a">ita</subfield>
  </datafield>
  <datafield tag="100" ind1=" " ind2=" ">
    <subfield code="a">Chiesa, Francesco</subfield>
    <subfield code="9">364</subfield>
  </datafield>
  <datafield tag="100" ind1=" " ind2=" ">
    <subfield code="c">can.</subfield>
    <subfield code="9">365</subfield>
  </datafield>
  <datafield tag="245" ind1=" " ind2=" ">
    <subfield code="a">Un gran segreto di salute. </subfield>
    <subfield code="b">La contrizione perfetta.</subfield>
  </datafield>
  <datafield tag="250" ind1=" " ind2=" ">
    <subfield code="a">III</subfield>
  </datafield>
  <datafield tag="260" ind1=" " ind2=" ">
    <subfield code="a">Pescara</subfield>
    <subfield code="b">Edizioni Paoline</subfield>
    <subfield code="c">1963</subfield>
  </datafield>
  <datafield tag="300" ind1=" " ind2=" ">
    <subfield code="a">105 p.</subfield>
  </datafield>
  <datafield tag="300" ind1=" " ind2=" ">
    <subfield code="c">16,5 cm</subfield>
  </datafield>
  <datafield tag="490" ind1=" " ind2=" ">
    <subfield code="a">Ut innotescat,  41</subfield>
  </datafield>
  <datafield tag="490" ind1=" " ind2=" ">
    <subfield code="v">I</subfield>
  </datafield>
  <datafield tag="520" ind1=" " ind2=" ">
    <subfield code="a">Indice

Prefazione
Il pi&#xF9; gran male dei mali, e il suo rimedio
La confessione sacramentale &#xE8; l'unico
     mezzo per ottenere il perdono dei
     peccati?
Che cos'&#xE9; la contriziione perfetta
Effetti della contrizione perfetta
Mezzi per avere la contrizione perfetta
Difficolt&#xE0; ed obiezioni
Il perch&#xE8; della grande importanza dell'atto
    di contrizione perfetta e conclusioni
     pratiche
</subfield>
  </datafield>
  <datafield tag="942" ind1=" " ind2=" ">
    <subfield code="c">BK</subfield>
    <subfield code="2">ddc</subfield>
  </datafield>
  <datafield tag="999" ind1=" " ind2=" ">
    <subfield code="c">24175</subfield>
    <subfield code="d">24175</subfield>
  </datafield>
  <datafield tag="952" ind1=" " ind2=" ">
    <subfield code="0">0</subfield>
    <subfield code="1">0</subfield>
    <subfield code="2">ddc</subfield>
    <subfield code="4">0</subfield>
    <subfield code="6">P_B5</subfield>
    <subfield code="7">1</subfield>
    <subfield code="a">PAULUS</subfield>
    <subfield code="b">PAULUS</subfield>
    <subfield code="d">2012-04-11</subfield>
    <subfield code="l">0</subfield>
    <subfield code="o">P B5</subfield>
    <subfield code="r">2012-04-11 00:00:00</subfield>
    <subfield code="w">2012-04-11</subfield>
    <subfield code="y">BK</subfield>
    <subfield code="z">Inserito da: Sergio In data: 27 settembre 2011 fondo: Via A.Severo 56 Progr:35939</subfield>
  </datafield>
</record>
